Famous Battles - Statistics

General Stats
  • This quiz has been taken 75 times
  • The average score is 6 of 24
Answers on the Grid
Answers color-coded by a green-red scale on the quiz's grid according to % correct below.
Battle of he Nile
Battle of Waterloo
Battle of Hastings
Battle of Madagascar
Battle of Vienna
Battle of Stalingrad
Battle of the River Hydaspes
Battle of Yorktown
Battle of Borodino
Battle of Ain Jalut
Siege of Orléans
Battle of D-Day
Siege of Jerusalem
Second Battle of El Alamein
Battle of Gate Pā
Battle of Isonzo
Battle of Battle of Thermopylae
Spanish Armada & English Counter-Armada
Battle of Gettysburg
Battle of Cowpens
Battle of Antietam
Battle of Agincourt
Battle of Tours
Battle of Admin Box
Fall of Constantinople
Battle of New Orleans
Battle of Lepanto
Battle of Kings Mountain
Battle of Midway
Gallipoli campaign
Battle of Verdun
Battle of Guadalcanal
Apache Wars
Battle of Lexington and Concord
Bunker Hill
Battle of Mons
The Quasi-War
Battle of Iwo Jima
Battle of Crysler's Farm
 
Answer Stats
Answer % Correct
Battle of Waterloo
80%
Battle of Hastings
68%
Battle of Stalingrad
61%
Battle of Vienna
41%
Battle of Yorktown
41%
Battle of D-Day
34%
Battle of Gettysburg
34%
Fall of Constantinople
29%
Siege of Jerusalem
29%
Battle of Battle of Thermopylae
24%
Gallipoli campaign
22%
Battle of Midway
20%
Second Battle of El Alamein
20%
Siege of Orléans
20%
Battle of Agincourt
15%
Battle of Antietam
15%
Battle of Tours
12%
Bunker Hill
12%
Battle of Iwo Jima
10%
Battle of Lexington and Concord
10%
Battle of Guadalcanal
7%
Battle of Verdun
7%
Battle of Mons
2%
Battle of Lepanto
0%
No matching quizzes found
Score Distribution
Percent of People with Each Score
Percentile by Number Answered
Your Score History
You have not taken this quiz